header

Path integrals for stochastic processes (Record no. 161837)

MARC details
000 -LEADER
fixed length control field 01205nam a2200301Ia 4500
100 1# - MAIN ENTRY--AUTHOR NAME
Personal name Wio, Horacio S.
245 10 - TITLE STATEMENT
Title Path integrals for stochastic processes
260 ## - PUBLICATION, DISTRIBUTION, ETC. (IMPRINT)
Place of publication Singapore ;
-- Hackensack, N.J. :
Name of publisher World Scientific,
Year of publication c2013.
300 ## - PHYSICAL DESCRIPTION
Number of Pages xiii, 159 p. :
Other physical details ill.
650 #0 - SUBJECT ADDED ENTRY--TOPICAL TERM
Topical Term Function spaces.
Topical Term Stochastic integrals.
856 40 - ELECTRONIC LOCATION AND ACCESS
Uniform Resource Identifier http://site.ebrary.com/lib/rucke/Doc?id=10674337

No items available.

© 2026 Rongo University
Contact us: librarian | system librarian | Rongo university